| 000 | 00914nam a2200205 a 4500 | ||
|---|---|---|---|
| 001 | SSB057895 | ||
| 005 | 20141211083338.0 | ||
| 008 | |||
| 020 | _a9789710445295 | ||
| 050 |
_aBF 698 _b.M27p 2008 |
||
| 100 | _aMagalona, Ethel. | ||
| 245 | 0 |
_aPersonality development and human relation : _ba practical approach / _cEthel Magalona. M.A., Evelyn Salting-Sadsad, Ph.D. |
|
| 260 |
_aManila, Philippines : _bMindshapers, _cc2008. |
||
| 300 |
_a123 pages : _billustrations ; _c23 cm. |
||
| 504 | _aIncludes bibliographical references. | ||
| 505 | _aPersonality : nature, significance and characteristics -- Theories of personalities -- Physiological aspect of personality -- EMotional aspect of personality -- Moral and spiritual aspect of personality -- Social aspect of personality. | ||
| 650 | _aPersonality. | ||
| 650 | _aPersonality development. | ||
| 942 |
_2lcc _cBK _kFIL |
||
| 999 |
_c276921 _d276921 |
||